00633nam a2200193Ia 4500003000400000005001700004008004100021020002900062040001700091082002100108100002400129245007700153260003300230300001200263650001500275942000900290952012500299999001500424IIN20240205111418.0231217s9999 xx 000 0 und d cRs.350.00a9789354516467 aIINbEnglish a150.2461073bBAN1 aBanerjee, Tanima S.1 aA Textbook of Applied Psychology:bfor B.Sc Nursing cTanima S. Banerjee bNirali PrakashanaPunec2023 a10.12p.1 aPsychology cBOOK 00102ddc40708Gift BookaIINbIINd2023-12-17g350.00l0o150.2461073 BANpD16r2023-12-17 21:32:41w2023-12-17yBOOK c1642d1642